000
00296nam a22001337a 4500
008
170127b xxu||||| |||| 00| 0 eng d
020
_a
9780323024143
041
_a
eng
080
_2
21ST
_a
61
100
_a
3
101
_a
SHM
245
_a
INTRAVENOUS MEDICATIONS
_c
GAHART, B.L
942
_2
udc
_c
BK
999
_c
3844
_d
3844